000 00673nam a22002057a 4500
003 OSt
005 20260422071155.0
008 260202b |||||||| |||| 00| 0 eng d
020 _a13 : 978-0-495-50023-0.
040 _aDWC-Main lib
_cOC
082 _23rd edition
_aCirc. 150 C776p 2008
100 _aCoon, Dennis
245 _aPsychology :
_bA journey
_cDennis Coon
260 _aUSA :
_bThomson Higher Education,
_cc2008.
300 _axxviii, various paging :
_bcolored illustration ;
_c27 cm.
504 _aIncludes bibliographical references and index.
650 _a1. Psychology-Textbooks.
700 _aMitterer, John O.
942 _2ddc
_cBK-CIRC
_e8th ed.
_kCirc.
_n0
999 _c8136
_d8136